000 01127nam a22001817a 4500
003 OSt
005 20251119092845.0
008 251119b |||||||| |||| 00| 0 eng d
040 _cDCL
082 _a၂၉၄.၃၈၂၃၅၈၁
130 _aတိပိဋက။
_pသုတ္တန္တပိဋက။
_pခုဒ္ဒကနိကာယ။
_tပေဋကောပဒေသ၊
_lအဋ္ဌကထာ၊
_sနိဿယ။
245 _aပေဋကောပဒေသ အဋ္ဌကထာနိဿယ၊
_nဒုတိယတွဲ /
_cမင်းကွန်း ဇေတဝန်ဆရာတော်ဘုရားကြီး။
264 _aရန်ကုန် ၊
_bမြန်မာဇေယျာစာပုံနှိပ်တိုက်၊
_c၁၉၃၇။
300 _aဏ၊ ၄၀၂ စာမျက်နှာ ၊
_c၂၅ စင်တီ။
650 _aပေဋကောပဒေသ
_vအဋ္ဌကထာနိဿယ။
700 _aမင်းကွန်း ဇေတဝန်ဆရာတော်ဘုရားကြီး။
942 _2ddc
_cSHORT TERM
_n0
999 _c2536
_d2536